| 000 | 00613nam a2200205 u 4500 | ||
|---|---|---|---|
| 005 | 20240831063726.0 | ||
| 008 | 090526s2005 es r 000 0 spa d | ||
| 020 | _a8495994682 | ||
| 035 | _aUPN01000170680 | ||
| 049 | _aI | ||
| 050 | 4 |
_aPZ78 _bM8.9 |
|
| 100 | 1 |
_aMuñoz Martín, Juan, _d1929- _930134 |
|
| 245 | 1 | 0 |
_aViento en popa a toda vela, llegan las tres carabelas / _cJuan Muñoz Martin ; il. por Miguel Calero. |
| 260 |
_aMadrid : _bMestas, _c2005. |
||
| 300 |
_a127 p. : _bil. |
||
| 440 | 0 | _aJuan Muñoz | |
| 650 | 4 |
_aCuentos infantiles españoles _97725 |
|
| 905 | _aInfantil | ||
| 999 |
_c142785 _d142785 |
||